[Event "IND-chB 48th"]
[Site "Bhiwani"]
[Date "2010.09.16"]
[Round "1"]
[White "Kamble, Vikramaditya"]
[Black "Mughaho, Awomi"]
[Result "1-0"]
[WhiteElo "2354"]
[BlackElo "1950"]
[PlyCount "43"]
[EventDate "2010.09.16"]
[EventType "swiss"]
[EventRounds "13"]
[EventCountry "IND"]
[SourceTitle "CBM 138 Extra"]
[Source "ChessBase"]
[SourceDate "2010.10.29"]
[SourceVersion "1"]
[SourceVersionDate "2010.10.29"]
[SourceQuality "1"]

1. d4 Nf6 2. c4 e6 3. g3 d5 4. Bg2 b6 5. Bg5 Bb7 6. e4 h6 7. Bxf6 Qxf6 8. exd5 Nd7 9. Nc3 Bb4 10. Nge2 exd5 11. 0-0 0-0 12. Nxd5 Bxd5 13. Bxd5 c6 14. Bg2 Rfe8 15. Nf4 Rac8 16. Nh5 Qe6 17. d5 cxd5 18. Nf4 Qe5 19. Qa4 Qd6 20. Nxd5 Bc5 21. Rad1 Ne5 22. b4 1-0